[Event "Reunion op 14th"]
[Site "St Denis"]
[Date "2012.10.12"]
[Round "8"]
[White "Artigaud, Laurent"]
[Black "Rivolo, Anne Claire"]
[Result "1-0"]
[WhiteElo "1500"]
[BlackElo "1470"]
[PlyCount "65"]
[EventDate "2012.10.06"]
[EventType "swiss"]
[EventRounds "9"]
[EventCountry "RUF"]
[SourceTitle "EXT 2013"]
[Source "ChessBase"]
[SourceDate "2012.11.22"]
[SourceVersion "1"]
[SourceVersionDate "2012.11.22"]
[SourceQuality "1"]

1. d4 d5 2. Nf3 Bf5 3. e3 a6 4. Bd3 Qd7 5. b3 Nc6 6. a3 Bxd3 7. Qxd3 e6 8. Bb2 Nf6 9. Nbd2 Bd6 10. 0-0 0-0 11. c4 Be7 12. Rfc1 Na5 13. Rc2 dxc4 14. bxc4 c5 15. Rac1 b6 16. Ne5 Qd6 17. h3 Rad8 18. Nef3 Qc7 19. Qe2 Rd7 20. Rc3 Nc6 21. R3c2 Bd6 22. Qd3 Rb8 23. Nb3 e5 24. dxe5 Nxe5 25. Qe2 Nxf3+ 26. Qxf3 Be5 27. Nd2 Bxb2 28. Rxb2 Re8 29. Rd1 Ne4 30. Nxe4 Rxd1+ 31. Qxd1 Rxe4 32. Qf3 Rxc4 33. Qa8+ 1-0

[Event "Reunion op 13th"]
[Site "St Denis"]
[Date "2011.10.08"]
[Round "9"]
[White "Cazal, Julian"]
[Black "Rivolo, Anne Claire"]
[Result "0-1"]
[WhiteElo "1050"]
[BlackElo "1350"]
[PlyCount "68"]
[EventDate "2011.10.01"]
[EventType "swiss"]
[EventRounds "9"]
[EventCountry "RUF"]
[SourceTitle "EXT 2012"]
[Source "ChessBase"]
[SourceDate "2011.11.24"]
[SourceVersion "1"]
[SourceVersionDate "2011.11.24"]
[SourceQuality "1"]

1. e4 e5 2. d3 Bc5 3. Nc3 Nc6 4. Nf3 d6 5. Qd2 Nf6 6. Be2 Bg4 7. a3 Nd4 8. b4 Bb6 9. Qg5 Nxc2+ 10. Kf1 Nxa1 11. Qxg7 Rg8 12. Qh6 Rg6 13. Qh4 Nb3 14. Bg5 c6 15. h3 h6 16. Bxh6 Nxe4 17. Ng5 Nbd2+ 18. Kg1 Bxf2+ 19. Qxf2 Nxf2 20. Kxf2 Qb6+ 21. Ke1 Rxh6 22. Kxd2 Bxe2 23. Nxe2 Rg6 24. Nh7 Qf2 25. h4 Rxg2 26. Nf6+ Qxf6 27. h5 d5 28. Rh3 Qf4+ 29. Kc3 d4+ 30. Kb3 Rxe2 31. h6 Qd2 32. h7 Qb2+ 33. Ka4 b5+ 34. Ka5 Qxa3# 0-1

[Event "Reunion op 13th"]
[Site "St Denis"]
[Date "2011.10.05"]
[Round "5"]
[White "Gallet, Hadrien"]
[Black "Rivolo, Anne Claire"]
[Result "1-0"]
[WhiteElo "1632"]
[BlackElo "1350"]
[PlyCount "65"]
[EventDate "2011.10.01"]
[EventType "swiss"]
[EventRounds "9"]
[EventCountry "RUF"]
[SourceTitle "EXT 2012"]
[Source "ChessBase"]
[SourceDate "2011.11.24"]
[SourceVersion "1"]
[SourceVersionDate "2011.11.24"]
[SourceQuality "1"]

1. d4 d5 2. c4 c6 3. Nc3 Bf5 4. cxd5 cxd5 5. e3 e6 6. Bd2 Nf6 7. Rc1 a6 8. Nf3 Bd6 9. Be2 Nbd7 10. 0-0 0-0 11. a4 e5 12. dxe5 Nxe5 13. Nd4 Bd3 14. Re1 Bxe2 15. Qxe2 Bc5 16. Nb3 Ba7 17. Rcd1 Re8 18. Bc1 Nc6 19. Qd2 d4 20. exd4 Rxe1+ 21. Qxe1 Ng4 22. h3 Nf6 23. d5 Nb4 24. Bg5 h6 25. Bxf6 Qxf6 26. d6 Rd8 27. d7 Nc6 28. Qe8+ Kh7 29. Qe4+ g6 30. Qf3 Qe6 31. Ne4 Ne5 32. Qc3 Nxd7 33. Nf6+ 1-0

[Event "Reunion op 12th"]
[Site "St Denis"]
[Date "2010.10.15"]
[Round "8"]
[White "Nassau, Jean Bertrand"]
[Black "Rivolo, Anne Claire"]
[Result "1-0"]
[WhiteElo "1510"]
[BlackElo "1310"]
[PlyCount "63"]
[EventDate "2010.10.09"]
[EventType "swiss"]
[EventRounds "9"]
[EventCountry "RUF"]
[SourceTitle "CBM 138 Extra"]
[Source "ChessBase"]
[SourceDate "2010.10.29"]
[SourceVersion "1"]
[SourceVersionDate "2010.10.29"]
[SourceQuality "1"]

1. e4 e5 2. Nf3 Nc6 3. Bb5 a6 4. Ba4 b5 5. Bb3 Nf6 6. Qe2 Bc5 7. a4 b4 8. Qc4 Qe7 9. 0-0 Na5 10. Qe2 Nxb3 11. cxb3 0-0 12. d3 d6 13. h3 Be6 14. Nbd2 Rfe8 15. Qd1 d5 16. Nxe5 dxe4 17. dxe4 Qd6 18. Nef3 Bd7 19. e5 Qe6 20. exf6 Qxf6 21. Nc4 Rad8 22. Bg5 Qg6 23. Nce5 Bxh3 24. Nxg6 Rxd1 25. Rfxd1 fxg6 26. gxh3 Re2 27. Bh4 Rxb2 28. Ng5 Be7 29. Rab1 Re2 30. Re1 Rxe1+ 31. Rxe1 Bxg5 32. Bxg5 1-0

[Event "Reunion op 12th"]
[Site "St Denis"]
[Date "2010.10.09"]
[Round "1"]
[White "Rivolo, Anne Claire"]
[Black "Lebon, Yohan"]
[Result "0-1"]
[WhiteElo "1310"]
[BlackElo "1819"]
[PlyCount "70"]
[EventDate "2010.10.09"]
[EventType "swiss"]
[EventRounds "9"]
[EventCountry "RUF"]
[SourceTitle "CBM 138 Extra"]
[Source "ChessBase"]
[SourceDate "2010.10.29"]
[SourceVersion "1"]
[SourceVersionDate "2010.10.29"]
[SourceQuality "1"]

1. e4 c5 2. Nc3 Nc6 3. Nf3 d6 4. d4 cxd4 5. Nxd4 e5 6. Nxc6 bxc6 7. Bc4 Nf6 8. Bg5 Be7 9. 0-0 0-0 10. b4 Bb7 11. Rb1 Rc8 12. Qd3 Qc7 13. Rb3 Rfd8 14. b5 d5 15. exd5 cxd5 16. Nxd5 Nxd5 17. Bxe7 Nxe7 18. Qh3 Qxc4 19. Re1 Ng6 20. b6 axb6 21. Rxb6 Qd5 22. Qf3 Qxf3 23. gxf3 Bxf3 24. Rc1 Nf4 25. Kf1 f6 26. a4 Ra8 27. Ra1 Rdc8 28. a5 Rxc2 29. a6 Nh3 30. a7 Rxf2+ 31. Ke1 Rxh2 32. Rb8+ Kf7 33. Rxa8 Bxa8 34. Kd1 Rh1+ 35. Kd2 Rxa1 0-1

[Event "Reunion op 11th"]
[Site "St Denis"]
[Date "2009.10.10"]
[Round "1"]
[White "Seegolam, Atmaram"]
[Black "Rivolo, Anne Claire"]
[Result "1-0"]
[WhiteElo "1879"]
[BlackElo "1340"]
[PlyCount "79"]
[EventDate "2009.10.10"]
[EventType "swiss"]
[EventRounds "9"]
[EventCountry "RUF"]
[SourceTitle "CBM 132 Extra"]
[Source "ChessBase"]
[SourceDate "2009.11.03"]
[SourceVersion "1"]
[SourceVersionDate "2009.11.03"]
[SourceQuality "1"]

1. e4 e5 2. Nf3 Nc6 3. Nc3 Nf6 4. d3 Be7 5. Be2 0-0 6. 0-0 d5 7. exd5 Nxd5 8. Bd2 Be6 9. a3 Bf6 10. Ne4 Nd4 11. c4 Nxf3+ 12. Bxf3 Nf4 13. Bxf4 exf4 14. Nxf6+ Qxf6 15. Qc2 Qg6 16. Kh1 Bg4 17. Rg1 Qh5 18. Qd1 Rad8 19. Bxg4 Qg5 20. Bf3 Rd4 21. Qb3 b6 22. Rae1 Rfd8 23. Qc3 f6 24. Bd5+ R8xd5 25. cxd5 Qxd5 26. Qxc7 h6 27. Qb8+ Kh7 28. f3 Rxd3 29. Qxf4 g5 30. Qc7+ Kg6 31. Qc2 Kh5 32. Rd1 Rc3 33. bxc3 Qc5 34. a4 f5 35. Qb3 g4 36. fxg4+ fxg4 37. Rd5+ Qxd5 38. Qxd5+ Kh4 39. g3+ Kh3 40. Qg2# 1-0

[Event "Reunion op 10th"]
[Site "St Denis"]
[Date "2008.10.12"]
[Round "2"]
[White "Rivolo, Anne Claire"]
[Black "Nassau, Pierre Alexandre"]
[Result "0-1"]
[WhiteElo "1090"]
[BlackElo "1470"]
[PlyCount "78"]
[EventDate "2008.10.11"]
[EventType "swiss"]
[EventRounds "9"]
[EventCountry "RUF"]
[SourceTitle "EXT 2009"]
[Source "ChessBase"]
[SourceDate "2008.11.26"]
[SourceVersion "1"]
[SourceVersionDate "2008.11.26"]
[SourceQuality "1"]

1. e4 e5 2. Nf3 Nc6 3. Nc3 Bc5 4. d3 Nf6 5. Nxe5 Nxe5 6. d4 Bb4 7. dxe5 Bxc3+ 8. Bd2 Bxe5 9. Bd3 d6 10. h3 Bxb2 11. Rb1 Be5 12. Bb5+ c6 13. Bd3 0-0 14. 0-0 b5 15. f4 Bd4+ 16. Kh1 Be6 17. c4 Qc8 18. f5 Bd7 19. Bg5 c5 20. Bxf6 Bxf6 21. Qg4 Re8 22. Rbe1 Re5 23. a3 Qa6 24. Rf3 Qxa3 25. Rg3 Qc3 26. Rf1 Ree8 27. Qh5 Qe5 28. Kh2 Qe7 29. e5 Bxe5 30. f6 Bxg3+ 31. Kxg3 Qe5+ 32. Qxe5 Rxe5 33. fxg7 Rg5+ 34. Kh4 Rxg7 35. Kh5 Re8 36. Kh6 Re6+ 37. Kh5 Rxg2 38. Ra1 Kg7 39. Rxa7 Rh6# 0-1

[Event "Reunion op 10th"]
[Site "St Denis"]
[Date "2008.10.11"]
[Round "1"]
[White "Strate, Wolfgang"]
[Black "Rivolo, Anne Claire"]
[Result "1-0"]
[WhiteElo "1668"]
[BlackElo "1090"]
[PlyCount "75"]
[EventDate "2008.10.11"]
[EventType "swiss"]
[EventRounds "9"]
[EventCountry "RUF"]
[SourceTitle "EXT 2009"]
[Source "ChessBase"]
[SourceDate "2008.11.26"]
[SourceVersion "1"]
[SourceVersionDate "2008.11.26"]
[SourceQuality "1"]

1. d4 d5 2. c4 e5 3. dxe5 dxc4 4. Qxd8+ Kxd8 5. e4 Be6 6. Nc3 Ne7 7. Bg5 c6 8. f4 g6 9. Nf3 f5 10. exf6 Nc8 11. Nd4 Bg4 12. Bxc4 Bc5 13. Ne6+ Bxe6 14. Bxe6 Nd6 15. f7+ Kc7 16. Bf6 Rf8 17. Be7 Rh8 18. f8Q Rxf8 19. Bxf8 Bb4 20. Bxd6+ Bxd6 21. e5 Be7 22. Rd1 c5 23. Nd5+ Kd8 24. Kf2 Nc6 25. Nb6+ Nd4 26. Rxd4+ cxd4 27. Nxa8 d3 28. Rc1 Bc5+ 29. Rxc5 d2 30. Ke2 d1Q+ 31. Kxd1 Ke7 32. f5 gxf5 33. Bxf5 Kf7 34. Rc7+ Ke8 35. e6 a5 36. Rxh7 Kd8 37. e7+ Ke8 38. Nc7# 1-0

[Event "Reunion op 09th"]
[Site "Reunion"]
[Date "2007.10.18"]
[Round "5"]
[White "Rivolo, Anne Claire"]
[Black "Ah Soune, Steeve"]
[Result "0-1"]
[WhiteElo "1050"]
[BlackElo "1340"]
[PlyCount "70"]
[EventDate "2007.10.14"]
[EventType "swiss"]
[EventRounds "9"]
[EventCountry "RUF"]
[SourceTitle "EXT 2012"]
[Source "ChessBase"]
[SourceDate "2011.11.24"]
[SourceVersion "1"]
[SourceVersionDate "2011.11.24"]
[SourceQuality "1"]

1. e4 e5 2. Nf3 Nc6 3. Nc3 Nf6 4. Bc4 Be7 5. Ng5 0-0 6. Bxf7+ Rxf7 7. Nxf7 Kxf7 8. Nd5 Nxd5 9. exd5 Nb4 10. 0-0 g6 11. d3 Nxd5 12. Qf3+ Nf6 13. d4 exd4 14. Re1 d6 15. Bd2 Bg4 16. Qf4 Bf5 17. Re2 Qf8 18. c3 d3 19. Ree1 Nd5 20. Qf3 Nf6 21. c4 c6 22. Qf4 Nh5 23. Qd4 Qg7 24. Qe3 Re8 25. Qxa7 Qxb2 26. Red1 b5 27. Rab1 Qc2 28. a3 bxc4 29. Rbc1 Qa2 30. Bb4 d5 31. Re1 Be4 32. Rcd1 Kf8 33. Bxe7+ Rxe7 34. Qa8+ Kf7 35. Ra1 Qb2 0-1